Movies Quiz

Random Movies or Clickable Quiz

Drama Movies by Tagline Quiz Stats

Quiz Updated Feb 28, 2015

Challenge
Share
Tweet
Embed
Score 0/24 Timer 06:00
14 Plays Today
% Correct
The Social Network
94.2%
Jaws
93.9%
I Am Legend
89.3%
The Godfather
87.8%
The Silence of the Lambs
87%
Gone Girl
86.5%
It's a Wonderful Life
84.5%
The Dark Knight
82.8%
The King's Speech
82.8%
Black Hawk Down
82.7%
The Imitation Game
79.7%
American Psycho
73.9%
% Correct
Fight Club
71.3%
Big Fish
70.1%
Titanic
69.7%
12 Years a Slave
69%
12 Angry Men
68.1%
The Notebook
67.9%
127 Hours
64.1%
The Prestige
60.2%
One Flew Over the Cuckoo's Nest
58.5%
Fargo
57.3%
The Usual Suspects
56.6%
Braveheart
55.3%

You're not logged in!

Compare scores with friends on all Sporcle quizzes.
Sign Up with Email
OR
Log In

You Might Also Like...

Show Comments

Extras

Top Quizzes Today


Score Distribution

Your Account Isn't Verified!

In order to create a playlist on Sporcle, you need to verify the email address you used during registration. Go to your Sporcle Settings to finish the process.